000 01429pam a2200337 a 4500
999 _c9076
_d9076
001 1670758
003 GBCCL
005 20241126110704.0
008 980514s1998 mnu c 000 1 eng
010 _a 98025554
020 _a1561796395
040 _aDLC
_cDLC
_dDLC
042 _alcac
050 0 0 _aPZ7.R88515
_bEs 1998
082 0 0 _a813.54
_221
_bRUE
100 1 _aRue, Nancy N.
_97618
245 1 4 _aThe escape /
_cNancy Rue.
260 _aMinneapolis, Minn. :
_bBethany House Publishers,
_cc1998.
300 _a181 p. ;
_c19 cm.
490 1 _aThe Christian heritage series, the Charleston years ;
_vbk. 6 [i.e.] 18
520 _aAs fighting erupts between the North and the South, eleven-year-old Austin helps his slave friend gain freedom before making his own escape from Charleston, South Carolina.
650 1 _aEscapes
_xFiction.
_915834
650 1 _aSlavery
_xFiction.
_915835
650 1 _aChristian life
_xFiction.
_93833
651 1 _aCharleston (S.C.)
_xHistory
_y1775-1865
_xFiction.
_915836
800 1 _aRue, Nancy N.
_tChristian heritage series.
_pCharleston years ;
_vbk. 18.
_912992
906 _a7
_bcbc
_corignew
_d1
_eocip
_f19
_gy-gencatlg
942 _2ddc
_cBK